| 000 | 01437naa a22003257a 4500 | ||
|---|---|---|---|
| 001 | BR8708333 | ||
| 003 | BR-BrBNA | ||
| 005 | 20250721154541.0 | ||
| 007 | ta | ||
| 008 | 250630b bl.|||m| |||| 00| 0 por d | ||
| 040 |
_aBR-BrBNA _bpor _cBiblioteca Nacional de Agricultura |
||
| 041 | _a(Pt) | ||
| 072 |
_aF50 _b0120 |
||
| 090 | _aF50 BR8708333 | ||
| 100 | 1 | _aOsuna, J.A. | |
| 100 | 1 | _aAraujo, S.M.C. de | |
| 100 | 1 | _aBanzatto, D.A. | |
| 111 | 1 |
_a15. Congresso Nacional de Milho e Sorgo _cMaceio, AL (Brazil) _d2 Jul 1986 |
|
| 245 | 1 | _aAvaliacao do tamanho de pendao em relacao a alguns caracteres agronomicos em duas populacoes de milho | |
| 246 | 1 | _aEvaluation of tassel size in relation to some agronomic characters in two maize populations | |
| 246 | 1 | _a[Annals of the 15th Maize and Sorghum National Congress] | |
| 500 | _aAnais do 15. Congresso Nacional de Milho e Sorgo Brasilia, DF (Brasil): Empresa Brasileira de Pesquisa Agropecuaria. Departamento de Difusao de Tecnologia, 1986. p. 147-151 [13 ref.; Summaries (En, Pt)] (BR8708333-AMS) | ||
| 773 | 0 |
_tAnais do 15. Congresso Nacional de Milho e Sorgo _wF50 BR8708333 _gBrasilia, DF (Brasil), 1986. p. 147-151 |
|
| 650 | _aMILHO | ||
| 650 | _aANATOMIA VEGETAL | ||
| 650 | _aCARACTERISTICAS AGRONOMICAS | ||
| 490 |
_aDocumentos - Centro Nacional de Pesquisa de Milho e Sorgo (Brazil) _vno. 5 |
||
| 942 |
_cAMS _2AGRIS |
||
| 909 |
_a202506 _bLúcia _c55 _dLúcia Elande |
||
| 999 |
_c335575 _d335575 |
||